| 000 | 00437nam a2200169Ia 4500 | ||
|---|---|---|---|
| 003 | GCL | ||
| 008 | 140319s9999 xx 000 0 eng d | ||
| 040 |
_aGCL / _cGCL |
||
| 082 | 0 | 4 |
_aCH _b823.087 _bB W |
| 100 | 1 | _aBUSQUETS, CARLAS | |
| 245 | 1 | 0 |
_aTHE BRIZE BRIDGE / _cBUSQUETS, CARLAS |
| 260 |
_a[S.N] : _bPETER HODDOCK PUBLISHING |
||
| 650 | 0 | 4 | _aSTUDY AND TEACHING |
| 650 | 0 | 4 | _aENGLISH LANGUAGE |
| 650 | 0 | 4 | _aTALES |
| 942 |
_2ddc _cBK |
||
| 999 |
_c18324 _d18324 |
||